Paisajes sublimes (Record no. 180200)

MARC details
000 -LEADER
campo de control de longitud fija 00906nam a2200253 i 4500
001 - NÚMERO DE CONTROL
campo de control 180200
003 - IDENTIFICADOR DE NÚMERO DE CONTROL
campo de control ES-MaACL
005 - FECHA Y HORA DE LA ÚLTIMA TRANSACCIÓN
campo de control 20250728221712.0
008 - DATOS DE LONGITUD FIJA--INFORMACIÓN GENERAL
campo de control de longitud fija 120516s2011 sp |||| | spa d
020 ## - NÚMERO INTERNACIONAL ESTÁNDAR DEL LIBRO
Número Internacional Estándar del Libro 978-84-9841-408-0
080 ## - NÚMERO DE LA CLASIFICACIÓN DECIMAL UNIVERSAL
Número de la Clasificación Decimal Universal 113/119
100 1# - ENTRADA PRINCIPAL--NOMBRE DE PERSONA
Nombre de persona Bodei, Remo.
9 (RLIN) 29693
245 10 - MENCIÓN DEL TÍTULO
Título Paisajes sublimes
Resto del título : el hombre ante la naturaleza salvaje /
Mención de responsabilidad, etc. Remo Bodei ; traducción del italiano de María Condor.
260 ## - PUBLICACIÓN, DISTRIBUCIÓN, ETC.
Lugar de publicación, distribución, etc. Madrid :
Nombre del editor, distribuidor, etc. Siruela,
Fecha de publicación, distribución, etc. [2011]
300 ## - DESCRIPCIÓN FÍSICA
Extensión 183 p. ;
Dimensiones 22 cm.
490 1# - MENCIÓN DE SERIE
Mención de serie Biblioteca de ensayo ;
Designación de volumen o secuencia 73.
Mención de serie Serie mayor
650 #7 - PUNTO DE ACCESO ADICIONAL DE MATERIA--TÉRMINO DE MATERIA
Término de materia o nombre geográfico como elemento de entrada Filosofía de la naturaleza
Fuente del encabezamiento o término embne
9 (RLIN) 12839
700 1# - ENTRADA AGREGADA--NOMBRE PERSONAL
Nombre de persona Cóndor Orduña, María.
9 (RLIN) 40150
830 0# - PUNTO DE ACCESO ADICIONAL DE SERIE-TÍTULO UNIFORME
Título uniforme Biblioteca de ensayo ;
Designación de volumen o secuencia 73.
Título uniforme Serie mayor
9 (RLIN) 180582
852 ## - LOCALIZACIÓN
Ubicación ES-MaACL
Número de control de estantería A-12100
itemnumber 187110
Sublocalización o colección R.147147
Ubicación en estantería Depósito 1
Signatura antigua Olim: N-5105
942 ## - ELEMENTOS DE ENTRADA SECUNDARIOS (KOHA)
Fuente del sistema de clasificación o colocación Clasificación decimal universal
Tipo de ítem Koha Libro impreso
Holdings
Estatus retirado Estado de pérdida Fuente del sistema de clasificación o colocación Estado de daño No para préstamo Biblioteca de origen Biblioteca actual Ubicación en estantería Fecha de adquisición Fuente de adquisición Total de préstamos Signatura topográfica completa Código de barras Visto por última vez Precio de reemplazo Tipo de ítem Koha
    Clasificación decimal universal     Biblioteca del Ateneo de Madrid Biblioteca del Ateneo de Madrid Depósito 1 16/05/2012 Compra   A-12100 1189346 23/02/2023 23/02/2023 Libro impreso